000 01026cam a2200277 a 4500
001 4431945
003 PILC
005 20150112093438.0
008 940316s1995 maua b 001 0 eng
010 _a 94009073
020 _a0875845592 (alk. paper)
040 _aDLC
_cDLC
_dDLC
050 0 0 _aHD 31
_b.Si563 1995
082 0 0 _aMnSF 658.4012
_bSi56 1995
100 1 _aSimons, Robert.
_917022
245 1 0 _aLevers of control :
_bhow managers use innovative control systems to drive strategic renewal /
_cRobert Simons.
260 _aBoston, Mass. :
_bHarvard Business School Press,
_c1995.
300 _a215 pages :
_billustration ;
_c25 cm.
504 _aIncludes bibliographical references (p. 197-207) and index.
650 0 _aIndustrial management.
_9441
650 0 _aStrategic planning.
_9606
650 0 _aControllership.
_917023
906 _a7
_bcbc
_corignew
_d1
_eocip
_f19
_gy-gencatlg
942 _2lcc
_cBK
999 _c14649
_d14649